00597cam a22001455i 450000500170000002000180001708200220003524501210005726000550017830000190023370000450025294200120029799900190030995201230032820250728115052.0 a9789354425721 a363.700 954 SAT/E00aEnvironmental politics at the local :bnatural resource governance in India /cedited by Satyajit Singh, Ajit Menon. a. - Hyderabadb: Orient Blacksman Pvt Ltd.c, 2024 axii, 356 pages a Satyajit Singh, Ajit Menon. Editors913 2ddccBK c750620d750620 00102ddc4070aPOLbPOLd2025-02-06l1o363.700 954 SAT/EpPOL23742r2026-04-06 11:27:03s2026-02-09w2025-07-28yBK